000 00601nam a22002537a 4500
003 UA-OsUOA
001 22469
007 ta
008 20031220b un ||||| |||| 00| 0 ukr d
100 _aШевченко А.К.
090 _a18
_bШ37
942 _cBK
040 _aUA-OsUOA
_brus
_cUA-OsUOA
_dUA-OsUOA
245 _aПроблема понимания в эстетике
300 _a126 с.
955 _a0
041 _arus
080 _a18
020 _a5-12-001068-7
260 _aКиев
_bНаукова думка
_c1989
044 _aUA
650 7 _2UDC
999 _c308689
_d308689